[Event "Sparkassen-Open A"]
[Site "Heusenstamm, Martinsee"]
[Date "2022.11.19"]
[Round "5.12"]
[White "Kersten, Uwe"]
[Black "Siegert, Gregor"]
[Result "1-0"]
[WhiteElo "2256"]
[BlackElo "1891"]
[PlyCount "123"]
[EventDate "2022.??.??"]
[WhiteTeam "Sfr.Bad Emstal/Wolfhagen"]
[BlackTeam "Schachforum Darmstadt 1994"]

1. e4 e5 2. Nf3 Nf6 3. Nxe5 d6 4. Nf3 Nxe4 5. d3 Nf6 6. d4 d5 7. Bd3 Bd6 8. O-O
O-O 9. h3 h6 10. Nc3 c6 11. Ne5 Nbd7 12. Bf4 Qc7 13. Re1 Re8 14. Qf3 Nxe5 15.
dxe5 Bxe5 16. Rxe5 Rxe5 17. Qg3 Nd7 18. Bxh6 Re1+ 19. Rxe1 Qxg3 20. Re8+ Nf8
21. fxg3 gxh6 22. Bf5 Bxf5 23. Rxa8 Bxc2 24. Ne2 c5 25. Rxa7 b5 26. Nc3 d4 27.
Nxb5 d3 28. Nc3 d2 29. Ra8 d1=Q+ 30. Nxd1 Bxd1 31. Rc8 Kg7 32. Rxc5 Kf6 33. Kf2
Ba4 34. b3 Bd7 35. a4 Ne6 36. Rh5 Kg6 37. Rd5 Bc6 38. Rd6 Be4 39. b4 Kf6 40. b5
Ke7 41. Rd2 Nc5 42. a5 Bd3 43. Ke3 Bf1 44. a6 Nxa6 45. bxa6 Bxa6 46. Rb2 Bc4
47. Rb4 Bd5 48. Rh4 Bxg2 49. Rxh6 Kf8 50. h4 Bh3 51. Rb6 Kg7 52. Kf4 Bf1 53.
Kg5 Bd3 54. h5 Bc4 55. Rf6 Bd3 56. h6+ Kg8 57. g4 Bc4 58. Rc6 Ba2 59. Kf6 Bb3
60. g5 Ba2 61. Rc8+ Kh7 62. Rf8 1-0

[Event "Sparkassen-Open A"]
[Site "Heusenstamm, Martinsee"]
[Date "2022.11.19"]
[Round "5.13"]
[White "Kleibel, Uwe"]
[Black "Poysti, Nathanael"]
[Result "1/2-1/2"]
[WhiteElo "2238"]
[BlackElo "2087"]
[PlyCount "98"]
[EventDate "2022.??.??"]
[WhiteTeam "SC Bavaria Regensburg von 1881"]
[BlackTeam "Ottakring"]

1. d4 Nf6 2. Nf3 e6 3. Bf4 d5 4. e3 Bd6 5. Nbd2 O-O 6. c3 b6 7. Bd3 Bxf4 8.
exf4 Ba6 9. Bxa6 Nxa6 10. Qe2 Qc8 11. O-O c5 12. Rfe1 Qb7 13. g3 Rac8 14. Rad1
Nb8 15. Nf1 Nc6 16. Ne3 cxd4 17. Nxd4 Rfe8 18. Nec2 Na5 19. Nf3 b5 20. a3 Nc4
21. Ncd4 a5 22. Ne5 Ne4 23. f3 Nc5 24. Nd3 h6 25. Nxc5 Rxc5 26. Qf2 Rcc8 27.
Re2 Rb8 28. h4 Qd7 29. Ra1 Rec8 30. g4 Nd6 31. Kg2 Rc4 32. Rd2 Qd8 33. g5 g6
34. h5 hxg5 35. hxg6 gxf4 36. gxf7+ Kxf7 37. Rh1 Qg5+ 38. Kf1 Rg8 39. Rh7+ Kf6
40. Nxe6 Kxe6 41. Re2+ Kf6 42. Qa7 Rg7 43. Rxg7 Qxg7 44. Re6+ Kxe6 45. Qxg7 a4
46. Qg4+ Ke5 47. Qd7 d4 48. cxd4+ Rxd4 49. Ke2 Kd5 1/2-1/2

[Event "Sparkassen-Open A"]
[Site "Heusenstamm, Martinsee"]
[Date "2022.11.19"]
[Round "5.14"]
[White "Heimrath, Reiner"]
[Black "Schmidbauer, Frank"]
[Result "1-0"]
[WhiteElo "2187"]
[BlackElo "2066"]
[PlyCount "81"]
[EventDate "2022.??.??"]
[WhiteTeam "SC Noris-Tarrasch NÃ¼rnberg"]
[BlackTeam "SV Wollishofen Zuerich"]

1. e4 d6 2. Nc3 Nf6 3. g3 e5 4. Bg2 c6 5. Nge2 Nbd7 6. d4 Be7 7. O-O b5 8. Be3
O-O 9. h3 h5 10. b4 a5 11. a3 Bb7 12. f4 Re8 13. Qd3 Qc7 14. Kh2 axb4 15. axb4
Rxa1 16. Rxa1 Ra8 17. Rd1 Rd8 18. Ng1 Nb6 19. Nf3 Nc4 20. Bc1 Qb6 21. Qe2 g6
22. d5 Kg7 23. dxc6 Bxc6 24. Nd5 Qb7 25. Nh4 Ra8 26. f5 Nxd5 27. exd5 Bd7 28.
Qe4 Bxh4 29. Qxh4 Bxf5 30. Rf1 Rh8 31. Bg5 Rh7 32. Be7 Qd7 33. Be4 Bxe4 34.
Rxf7+ Kg8 35. Rf8+ Kg7 36. Qf6+ Kh6 37. Qg5+ Kg7 38. Qf6+ Kh6 39. g4 hxg4 40.
Qh4+ Kg7 41. Rf7+ 1-0

[Event "Sparkassen-Open A"]
[Site "Heusenstamm, Martinsee"]
[Date "2022.11.19"]
[Round "5.15"]
[White "Spriestersbach, Kai"]
[Black "Player, Edmund"]
[Result "1-0"]
[WhiteElo "2050"]
[BlackElo "2212"]
[PlyCount "51"]
[EventDate "2022.??.??"]
[WhiteTeam "SV Erkenschwick"]
[BlackTeam "FC Bayern München"]

1. Nf3 d5 2. g3 g6 3. Bg2 Bg7 4. O-O e5 5. d3 Ne7 6. e4 O-O 7. Re1 d4 8. Nbd2
c5 9. Nc4 Nbc6 10. a4 b6 11. Nh4 Rb8 12. f4 f6 13. Rf1 a6 14. a5 b5 15. Nb6 Be6
16. f5 Bf7 17. fxg6 hxg6 18. Bh3 Rb7 19. Qg4 Qd6 20. b3 Nd8 21. Qf3 Ne6 22. Qg4
Ng5 23. Bxg5 fxg5 24. Nf3 Nc6 25. Nxg5 Nxa5 26. Qh4 1-0

[Event "Sparkassen-Open A"]
[Site "Heusenstamm, Martinsee"]
[Date "2022.11.19"]
[Round "5.16"]
[White "Dolzhykova, Kateryna"]
[Black "Rosenberger, Frank"]
[Result "1-0"]
[WhiteElo "2204"]
[BlackElo "2033"]
[PlyCount "37"]
[EventDate "2022.??.??"]
[WhiteTeam "SV Oberursel"]
[BlackTeam "SK 1980 Gernsheim"]

1. e4 e6 2. d4 d5 3. exd5 exd5 4. Nf3 Bg4 5. h3 Bh5 6. Qe2+ Qe7 7. Be3 Nc6 8.
g4 Bg6 9. Nc3 O-O-O 10. O-O-O Nf6 11. Ne5 Nb4 12. a3 Bxc2 13. axb4 Bxd1 14.
Qxd1 Ne4 15. Qa4 f6 16. Nc6 bxc6 17. Qxc6 Qxb4 18. Ba6+ Kb8 19. Nxd5 1-0

[Event "Sparkassen-Open A"]
[Site "Heusenstamm, Martinsee"]
[Date "2022.11.19"]
[Round "5.17"]
[White "Li, Maxim"]
[Black "Hebbering, Tom Elliot"]
[Result "1/2-1/2"]
[WhiteElo "1966"]
[BlackElo "2229"]
[PlyCount "23"]
[EventDate "2022.??.??"]
[WhiteTeam "Wiesbadener SV 1885"]
[BlackTeam "SK 1980 Gernsheim"]

1. e4 c5 2. Nc3 Nc6 3. Bb5 Nd4 4. Bc4 Nf6 5. Nge2 e6 6. O-O d5 7. exd5 exd5 8.
Nxd5 Nf3+ 9. gxf3 Nxd5 10. d4 Nb6 11. Bb5+ Bd7 12. Bxd7+ 1/2-1/2

[Event "Sparkassen-Open A"]
[Site "Heusenstamm, Martinsee"]
[Date "2022.11.19"]
[Round "5.18"]
[White "Kürschner, Matthias"]
[Black "Haack, Kevin"]
[Result "0-1"]
[WhiteElo "1990"]
[BlackElo "2219"]
[PlyCount "200"]
[EventDate "2022.??.??"]
[WhiteTeam "SK Langen"]
[BlackTeam "SV 1920 Hofheim"]

1. e4 c6 2. Nc3 d5 3. Nf3 Bg4 4. h3 Bxf3 5. Qxf3 e6 6. g3 Nd7 7. Bg2 d4 8. Nd1
Qb6 9. d3 h6 10. O-O Ngf6 11. Qe2 a5 12. a4 Bb4 13. f4 O-O-O 14. Kh1 Rhg8 15.
Rb1 Rge8 16. Rg1 Bf8 17. Bd2 Bb4 18. Bc1 Kb8 19. Rf1 Ka8 20. Kh2 Nb8 21. Rf2
Na6 22. Rf1 Bf8 23. Bd2 Bb4 24. Bc1 Nd7 25. Kh1 Nac5 26. Ra1 Na6 27. Rb1 Bf8
28. Bd2 g6 29. Bc1 Nb4 30. Rf2 Be7 31. Ra1 Bf8 32. Kh2 f5 33. e5 Nc5 34. b3
Nca6 35. Nb2 Qc7 36. Nc4 Nd5 37. Bd2 Bb4 38. Bxb4 Naxb4 39. Nd6 Re7 40. Rc1 Na2
41. Ra1 Nac3 42. Qd2 Rg7 43. Nc4 b6 44. Bxd5 Nxd5 45. Rg2 g5 46. Qf2 c5 47.
Rag1 Rdg8 48. Nd6 Kb8 49. Nc4 Ka7 50. Qd2 Qf7 51. Qf2 Qh5 52. Qf1 gxf4 53. gxf4
Rxg2+ 54. Rxg2 Rxg2+ 55. Qxg2 Qh4 56. Qg7+ Ka8 57. Nd6 Qf2+ 58. Kh1 Qf1+ 59.
Kh2 Qxf4+ 60. Kh1 Qf3+ 61. Kh2 Nf4 62. Nb5 Qxh3+ 63. Kg1 Qg4+ 64. Qxg4 fxg4 65.
Kf2 Ng6 66. Nc7+ Kb7 67. Nxe6 Nxe5 68. Kg3 Nf3 69. Kxg4 Ne1 70. Nd8+ Ka6 71.
Nf7 Nxc2 72. Nxh6 Ne1 73. Nf5 Nxd3 74. Kf3 Nc1 75. Ke4 Nxb3 76. Nd6 Nd2+ 77.
Kd3 Nf3 78. Ke4 Ng5+ 79. Kd3 Ne6 80. Kc4 Nf4 81. Kb3 Ne2 82. Kc4 Nc3 83. Kb3
Ka7 84. Nc4 Kb7 85. Ne5 Kc7 86. Nc4 Kc6 87. Ne5+ Kc7 88. Nc4 Nd5 89. Kb2 Kd7
90. Kc1 Kc7 91. Kb2 Ne3 92. Na3 Kc6 93. Nb5 Nc4+ 94. Kb3 Nd6 95. Na3 Kd5 96.
Kc2 c4 97. Kd2 Kc5 98. Nc2 Ne4+ 99. Kc1 d3 100. Ne3 c3 0-1

[Event "Sparkassen-Open A"]
[Site "Heusenstamm, Martinsee"]
[Date "2022.11.19"]
[Round "5.19"]
[White "Junker, Christian"]
[Black "Röschlau, Bernd"]
[Result "1-0"]
[WhiteElo "1995"]
[BlackElo "2214"]
[PlyCount "77"]
[EventDate "2022.??.??"]
[WhiteTeam "SV 1926 Neu-Isenburg"]
[BlackTeam "SC Heusenstamm"]

1. Nf3 Nf6 2. g3 d5 3. d3 g6 4. Bg2 Bg7 5. Nbd2 O-O 6. e4 c5 7. O-O Nc6 8. Re1
dxe4 9. dxe4 h6 10. c3 Be6 11. Qe2 Nd7 12. Rd1 Rc8 13. Nc4 b5 14. Ne3 Qa5 15.
Nd5 Rfe8 16. h4 Bg4 17. Ne3 Bxf3 18. Bxf3 Nce5 19. Bg2 c4 20. Nd5 e6 21. Nb4
Nc5 22. Be3 Bf8 23. f4 Ned3 24. h5 f5 25. hxg6 fxe4 26. Qh5 Qc7 27. Kh2 Nxb2
28. Rf1 Nbd3 29. Nxd3 cxd3 30. f5 exf5 31. Rxf5 Ne6 32. Bxe4 Qxc3 33. g7 Qxg7
34. Raf1 Rcd8 35. Bxh6 Qb2+ 36. R5f2 Ng7 37. Qf7+ Kh8 38. Rxb2 Rxe4 39. Qf3 1-0

[Event "Sparkassen-Open A"]
[Site "Heusenstamm, Martinsee"]
[Date "2022.11.19"]
[Round "5.20"]
[White "Wachsmann, Dietmar"]
[Black "Weber, Samuel"]
[Result "0-1"]
[WhiteElo "1981"]
[BlackElo "2198"]
[PlyCount "74"]
[EventDate "2022.??.??"]
[WhiteTeam "SC Groß-Umstadt"]
[BlackTeam "SV Oberursel"]

1. e4 c5 2. Nf3 d6 3. d4 cxd4 4. Nxd4 Nf6 5. Nc3 g6 6. Be3 Bg7 7. f3 a6 8. a4
Nc6 9. Qd2 h5 10. Bc4 Bd7 11. O-O Na5 12. Ba2 Rc8 13. Nd5 Nxd5 14. exd5 Nc4 15.
Bxc4 Rxc4 16. b3 Rc8 17. Rae1 O-O 18. Bh6 Bf6 19. Bxf8 Kxf8 20. Kh1 Qb6 21. Re4
Qc5 22. c4 b5 23. axb5 axb5 24. Nxb5 Bxb5 25. cxb5 Qxb5 26. Rc4 Kg7 27. Rfc1
Rb8 28. b4 Qa4 29. Qc2 Qa3 30. Rb1 Rb5 31. Qe4 Qa2 32. Qd3 Rxd5 33. Qc2 Qa6 34.
Rc8 Rb5 35. Rc6 Qb7 36. Rc7 Qa6 37. g3 Rxb4 0-1

[Event "Sparkassen-Open A"]
[Site "Heusenstamm, Martinsee"]
[Date "2022.11.19"]
[Round "5.21"]
[White "Udelnov, Valentin"]
[Black "Förster, Erik"]
[Result "1/2-1/2"]
[WhiteElo "1873"]
[BlackElo "2175"]
[PlyCount "77"]
[EventDate "2022.??.??"]
[WhiteTeam "Schachzwerge Magdeburg"]
[BlackTeam "Sfr.Heidesheim"]

1. e4 e6 2. d4 d5 3. Nd2 c5 4. Ngf3 Nc6 5. exd5 exd5 6. dxc5 Bxc5 7. Nb3 Bb6 8.
Nfd4 Nf6 9. Be2 O-O 10. O-O Ne4 11. c3 Qf6 12. Be3 Be6 13. f3 Nd6 14. Bf2 Rfe8
15. Bd3 Nc4 16. Qc2 Qh6 17. Rfe1 N6e5 18. Bf5 Bc7 19. Bg3 Rac8 20. Qe2 Bxf5 21.
Nxf5 Qg6 22. Nbd4 f6 23. f4 Nc6 24. Nxc6 Rxe2 25. Nfe7+ Kf7 26. Nxg6 Rxe1+ 27.
Rxe1 hxg6 28. Nd4 Bb6 29. b3 Nd6 30. Bf2 Ne4 31. Be3 Rxc3 32. Kf1 a6 33. f5 g5
34. Bg1 Rd3 35. Ne6 Bxg1 36. Kxg1 Nd6 37. g4 Rd2 38. Rc1 Rxa2 39. Rc7+ 1/2-1/2

[Event "Sparkassen-Open A"]
[Site "Heusenstamm, Martinsee"]
[Date "2022.11.19"]
[Round "5.22"]
[White "Krastev, Alexander"]
[Black "Meuer, David"]
[Result "1-0"]
[WhiteElo "2422"]
[BlackElo "1793"]
[PlyCount "43"]
[EventDate "2022.??.??"]
[WhiteTeam "SG Solingen"]
[BlackTeam "SV Lahnstein"]

1. e4 e6 2. d4 d5 3. e5 c5 4. c3 Qb6 5. Nf3 Nc6 6. Bd3 cxd4 7. O-O Bd7 8. Re1
Rc8 9. Nbd2 Nge7 10. Nb3 Na5 11. Nbxd4 a6 12. Ng5 h6 13. Nh7 Nec6 14. Nxf8 Kxf8
15. Nf3 Qc7 16. h4 b5 17. b3 Ne7 18. Ba3 Nb7 19. Rc1 Nc5 20. Bb1 Qb6 21. Qd4 f5
22. exf6 1-0

[Event "Sparkassen-Open A"]
[Site "Heusenstamm, Martinsee"]
[Date "2022.11.19"]
[Round "5.23"]
[White "Kempe, Caius Emilian"]
[Black "Milov, Leonid"]
[Result "0-1"]
[WhiteElo "2001"]
[BlackElo "2433"]
[PlyCount "120"]
[EventDate "2022.??.??"]
[WhiteTeam "USV TU Dresden"]
[BlackTeam "SC Noris-Tarrasch Nürnberg"]

1. d4 f5 2. c4 Nf6 3. Nc3 e6 4. g3 Bb4 5. a3 Bxc3+ 6. bxc3 d6 7. Bg2 O-O 8. Nf3
Qe8 9. Qb3 Nc6 10. O-O b6 11. Nd2 Na5 12. Qc2 Bb7 13. Bxb7 Nxb7 14. a4 Qc6 15.
Ba3 Ne4 16. Nxe4 fxe4 17. Qa2 Rf5 18. Bc1 Na5 19. c5 dxc5 20. Bf4 Rc8 21. e3 c4
22. Qc2 Rcf8 23. Kg2 h6 24. Ra2 R8f7 25. Qc1 a6 26. Qc2 Nb3 27. h3 Na5 28. Qb1
Nb7 29. Qc2 Rf8 30. Qb1 Nd8 31. Kh2 g5 32. g4 R5f7 33. Bg3 Rf3 34. Kg2 R8f7 35.
Qc2 Qd5 36. Rb2 Nc6 37. Rd1 Rd7 38. Rbb1 Ne7 39. Rd2 Ng6 40. Kh2 Rdf7 41. Rb4
Rh7 42. Qa2 b5 43. axb5 axb5 44. Qa6 c6 45. Kg2 Rf8 46. Ra2 h5 47. Qb6 hxg4 48.
Qc5 Nh4+ 49. Bxh4 gxh3+ 50. Kh2 gxh4 51. Qxd5 exd5 52. Kxh3 Rf3+ 53. Kh2 Rhf7
54. Rbb2 Kh7 55. Kg1 Rg7+ 56. Kh2 h3 57. Kh1 Rg2 58. Re2 Rf6 59. Red2 Kg6 60.
Re2 Kh5 0-1

[Event "Sparkassen-Open A"]
[Site "Heusenstamm, Martinsee"]
[Date "2022.11.19"]
[Round "5.24"]
[White "Burkhardt, Holger"]
[Black "Farmani Anosheh, Armin"]
[Result "1-0"]
[WhiteElo "1979"]
[BlackElo "2330"]
[PlyCount "83"]
[EventDate "2022.??.??"]
[WhiteTeam "SK 1858 Gießen"]
[BlackTeam "vereinslos"]

1. e4 c5 2. d4 cxd4 3. Qxd4 Nc6 4. Qe3 Nf6 5. Nc3 d6 6. Bd2 g6 7. f3 Bg7 8.
O-O-O O-O 9. Nge2 Bd7 10. h4 Ne5 11. Nf4 b5 12. h5 Rc8 13. hxg6 fxg6 14. Kb1 b4
15. Ncd5 Nxd5 16. Nxd5 e6 17. Nf4 Qf6 18. Bc1 Ba4 19. Rxd6 Bxc2+ 20. Ka1 Qe7
21. Rxe6 Qd7 22. Rxe5 Bxe5 23. Nd5 Rf7 24. Ba6 b3 25. Bxc8 Qxc8 26. Nb4 Rd7 27.
Nxc2 bxc2 28. f4 Bd4 29. Qb3+ Kh8 30. a3 Rb7 31. Qd5 Rd7 32. Qe6 Qf8 33. Ka2
Rc7 34. Qxg6 Rg7 35. Qe6 Rxg2 36. Rxh7+ Kxh7 37. Qh3+ Qh6 38. Qxg2 Qc6 39. Qh3+
Kg8 40. Qd3 Qc5 41. Kb3 a5 42. Qc4+ 1-0

[Event "Sparkassen-Open A"]
[Site "Heusenstamm, Martinsee"]
[Date "2022.11.19"]
[Round "5.25"]
[White "Klundt, Klaus"]
[Black "Wenzel, Calvin"]
[Result "1-0"]
[WhiteElo "2273"]
[BlackElo "1984"]
[PlyCount "58"]
[EventDate "2022.??.??"]
[WhiteTeam "SC Heusenstamm"]
[BlackTeam "SK 1980 Gernsheim"]

1. e4 e5 2. Nf3 Nc6 3. Bb5 a6 4. Ba4 Nf6 5. O-O b5 6. Bb3 Bc5 7. c3 d6 8. d4
Bb6 9. Be3 O-O 10. Nbd2 Bg4 11. h3 Bh5 12. Bg5 Qd7 13. Bxf6 gxf6 14. d5 Ne7 15.
Nxe5 Qxh3 16. gxh3 Bxd1 17. Nd7 Bxb3 18. Nxf8 Kxf8 19. axb3 f5 20. c4 b4 21.
Rfe1 Bd4 22. Ra2 fxe4 23. Rxe4 Bb6 24. Nf3 Nf5 25. Kg2 h6 26. Ra1 a5 27. Rf4
Ne7 28. Nd4 Ng6 29. Re4 f5 1-0

[Event "Sparkassen-Open A"]
[Site "Heusenstamm, Martinsee"]
[Date "2022.11.19"]
[Round "5.26"]
[White "Alber, Horst"]
[Black "Wilhelm, Jochen"]
[Result "1/2-1/2"]
[WhiteElo "2249"]
[BlackElo "2059"]
[PlyCount "45"]
[EventDate "2022.??.??"]
[WhiteTeam "SK Marburg 1931/72"]
[BlackTeam "SC 1970 Lorsch"]

1. d4 d5 2. c4 e6 3. Nc3 Nf6 4. Bg5 Be7 5. e3 O-O 6. Nf3 h6 7. Bh4 b6 8. Bd3
Bb7 9. Bxf6 Bxf6 10. cxd5 exd5 11. Rc1 c5 12. O-O Nd7 13. Re1 Re8 14. Bf1 a6
15. dxc5 Nxc5 16. Nd4 g6 17. b4 Ne4 18. Nxe4 dxe4 19. Nc6 Qxd1 20. Rexd1 Re6
21. Nd4 Re7 22. Nb3 Be5 23. a4 1/2-1/2

[Event "Sparkassen-Open A"]
[Site "Heusenstamm, Martinsee"]
[Date "2022.11.19"]
[Round "5.27"]
[White "Minor, Samuel"]
[Black "Glöckler, Christian"]
[Result "0-1"]
[WhiteElo "2210"]
[BlackElo "2051"]
[PlyCount "150"]
[EventDate "2022.??.??"]
[WhiteTeam "Wiesbadener SV 1885"]
[BlackTeam "SC Lindenholzhausen"]

1. e4 c5 2. Nf3 d6 3. d4 cxd4 4. Nxd4 Nf6 5. Nc3 a6 6. Be3 Ng4 7. Bg5 h6 8. Bh4
g5 9. Bg3 Nf6 10. f3 e5 11. Nb3 Be6 12. Qd2 Nbd7 13. h4 g4 14. h5 gxf3 15. gxf3
Rg8 16. Bh4 Qc7 17. Bf2 Nb6 18. Be3 d5 19. exd5 Nbxd5 20. Nxd5 Nxd5 21. O-O-O
Bb4 22. Qf2 Nxe3 23. Qxe3 Be7 24. Kb1 Rc8 25. Bd3 Bg5 26. Qe2 Bf4 27. Nd2 f5
28. Nb3 Kf7 29. Rhe1 Rg5 30. Nd4 Bd7 31. Nb3 Rxh5 32. Rh1 Rxh1 33. Rxh1 a5 34.
Nd2 Be6 35. a4 Qc5 36. b3 Qe3 37. Nc4 Qxe2 38. Bxe2 Bxc4 39. Bxc4+ Kf6 40. Rd1
Rc7 41. Rd8 e4 42. Rf8+ Ke5 43. Re8+ Kd4 44. fxe4 fxe4 45. c3+ Kxc3 46. Rxe4
Bg5 47. Bd5 Kd3 48. Re6 Rc1+ 49. Kb2 Rc2+ 50. Kb1 Kc3 51. Bxb7 Rb2+ 52. Ka1
Rxb3 53. Bc6 Rb6 54. Bd7 Rb7 55. Be8 Kb3 56. Kb1 Rc7 57. Bc6 Kc4 58. Kc2 Kc5
59. Bf3 Kd4+ 60. Kb2 Rf7 61. Bh5 Rf2+ 62. Re2 Rf4 63. Re8 Rf2+ 64. Re2 Rf5 65.
Bg6 Rf4 66. Bh5 Kd3 67. Ka3 Rh4 68. Bf3 Rh3 69. Bg4 h5 70. Bxh3 Kxe2 71. Kb3
Kf3 72. Kc2 Kg3 73. Bd7 h4 74. Kd1 h3 75. Bc6 Kf2 0-1

[Event "Sparkassen-Open A"]
[Site "Heusenstamm, Martinsee"]
[Date "2022.11.19"]
[Round "5.28"]
[White "Hinrichs, Paul"]
[Black "Özdemir, Ali Özden"]
[Result "1-0"]
[WhiteElo "2172"]
[BlackElo "2048"]
[PlyCount "87"]
[EventDate "2022.??.??"]
[WhiteTeam "Sfr.Heidesheim"]
[BlackTeam "SK Langen"]

1. d4 Nf6 2. c4 g6 3. Nc3 Bg7 4. e4 d6 5. Be2 O-O 6. Be3 e5 7. Nf3 Ng4 8. Bg5
f6 9. Bh4 g5 10. Bg3 Nh6 11. dxe5 dxe5 12. Qd5+ Nf7 13. h4 c6 14. Qxd8 Rxd8 15.
hxg5 fxg5 16. Rd1 Rxd1+ 17. Kxd1 Na6 18. Nh2 Nc5 19. Bh5 Nd6 20. Re1 Nxc4 21.
b3 Nb6 22. Nf3 Nd3 23. Re3 Nf4 24. Bxf4 gxf4 25. Rd3 Bd7 26. Na4 Be8 27. Nxb6
axb6 28. Bxe8 Rxe8 29. Rd7 b5 30. Kc2 Bf8 31. Rxb7 b4 32. Kd3 Re6 33. Kc4 Rg6
34. Nxe5 Rxg2 35. Kd3 h5 36. Ke2 h4 37. Kf3 h3 38. Rd7 Rg1 39. Ng4 Bc5 40. e5
Kf8 41. Rh7 Rh1 42. Kxf4 Bd4 43. Kf5 Bxf2 44. Nf6 1-0

[Event "Sparkassen-Open A"]
[Site "Heusenstamm, Martinsee"]
[Date "2022.11.19"]
[Round "5.29"]
[White "Lutze, Max"]
[Black "Neininger, Ralph"]
[Result "1/2-1/2"]
[WhiteElo "1787"]
[BlackElo "2123"]
[PlyCount "45"]
[EventDate "2022.??.??"]
[WhiteTeam "MS Halver-Schalksmühle"]
[BlackTeam "SV Oberursel"]

1. Nf3 Nf6 2. c4 c5 3. g3 d5 4. cxd5 Nxd5 5. Nc3 Nc6 6. Bg2 Nc7 7. O-O e5 8. a3
f6 9. e3 Ne6 10. Nh4 g6 11. Qc2 Be7 12. Nd5 f5 13. Nxe7 Qxe7 14. b4 Qc7 15. Bb2
Rf8 16. Rac1 e4 17. f4 b6 18. Be5 Qd7 19. Rfd1 Ba6 20. Bf1 Bxf1 21. Kxf1 Rd8
22. Kf2 Qd5 23. Ng2 1/2-1/2

[Event "Sparkassen-Open A"]
[Site "Heusenstamm, Martinsee"]
[Date "2022.11.19"]
[Round "5.30"]
[White "Foerster-Yialamas, Lucas"]
[Black "Weiss, Matthias"]
[Result "1-0"]
[WhiteElo "2125"]
[BlackElo "2030"]
[PlyCount "97"]
[EventDate "2022.??.??"]
[WhiteTeam "Frankfurter TV 1860"]
[BlackTeam "SF Schöneck"]

1. e4 c5 2. Nf3 e6 3. d4 cxd4 4. Nxd4 Nf6 5. Nc3 Nc6 6. Ndb5 Bb4 7. a3 Bxc3+ 8.
Nxc3 d5 9. exd5 exd5 10. Bd3 O-O 11. O-O d4 12. Ne2 Qd5 13. Nf4 Qd6 14. Nh5 Qe5
15. Nxf6+ Qxf6 16. Qh5 h6 17. f4 Be6 18. Bd2 Rfd8 19. Rae1 Rd5 20. Qf3 Rad8 21.
b4 a6 22. a4 Bf5 23. Bc4 R5d7 24. b5 axb5 25. axb5 Ne7 26. Qb3 b6 27. Bb4 Ng6
28. Rd1 Nf8 29. Rf2 Ne6 30. h3 Nc5 31. Bxc5 bxc5 32. Re1 d3 33. cxd3 Bxd3 34.
Bxd3 Rxd3 35. Re8+ Rxe8 36. Qxd3 Re1+ 37. Kh2 Re8 38. Qc4 Qd4 39. Qxd4 cxd4 40.
Kg3 Rb8 41. Rb2 f5 42. Kf3 Kf7 43. Ke2 Ke6 44. Kd3 Kd5 45. b6 Kc5 46. b7 Kd5
47. Rb4 Kc5 48. Rc4+ Kb5 49. Rc1 1-0

[Event "Sparkassen-Open A"]
[Site "Heusenstamm, Martinsee"]
[Date "2022.11.19"]
[Round "5.31"]
[White "Chassard, Cedric"]
[Black "von Auer, Ulrich"]
[Result "1/2-1/2"]
[WhiteElo "2041"]
[BlackElo "2025"]
[PlyCount "53"]
[EventDate "2022.??.??"]
[WhiteTeam "SC Schwarzenbach"]
[BlackTeam "SV Oberursel"]

1. e4 e6 2. d4 d5 3. Nd2 Be7 4. Ngf3 Nf6 5. Bd3 c5 6. e5 Nfd7 7. c3 Nc6 8. O-O
a5 9. b3 cxd4 10. cxd4 O-O 11. Bb2 b6 12. Ne1 Ba6 13. f4 Bxd3 14. Nxd3 f5 15.
exf6 Rxf6 16. Ne5 Ndxe5 17. fxe5 Rxf1+ 18. Qxf1 Rc8 19. a3 Bg5 20. Nf3 Be3+ 21.
Kh1 Ne7 22. Bc1 Nf5 23. Bxe3 Nxe3 24. Qd3 Nf5 25. Rf1 h6 26. g4 Nh4 27. a4
1/2-1/2

[Event "Sparkassen-Open A"]
[Site "Heusenstamm, Martinsee"]
[Date "2022.11.19"]
[Round "5.32"]
[White "Eurich, Jannik"]
[Black "Stock, Jürgen"]
[Result "1-0"]
[WhiteElo "1992"]
[BlackElo "1825"]
[PlyCount "87"]
[EventDate "2022.??.??"]
[WhiteTeam "SK Langen"]
[BlackTeam "SC Steinbach"]

1. e4 e6 2. d4 d5 3. Nd2 Be7 4. Bd3 c5 5. exd5 cxd4 6. dxe6 Bxe6 7. Ngf3 Nc6 8.
O-O Nf6 9. Nb3 Qc7 10. Nbxd4 Bg4 11. Nxc6 Qxc6 12. Qe2 Bxf3 13. Qxf3 Qxf3 14.
gxf3 O-O-O 15. Be3 Kb8 16. Rad1 Nd5 17. Bc1 Bd6 18. Bc4 Nb6 19. Bxf7 Rhf8 20.
Rxd6 Rxd6 21. Bf4 Rxf7 22. Bxd6+ Kc8 23. Be5 Rf5 24. Bc3 Nd5 25. Bd4 Nf4 26.
Be3 Nd5 27. c4 Nf6 28. Rd1 Nd7 29. Kg2 b6 30. b3 Ne5 31. Rd5 Nxf3 32. Rxf5 Nh4+
33. Kg3 Nxf5+ 34. Kf4 Ne7 35. Bd4 g6 36. Be5 Kd7 37. a3 Ke6 38. b4 a6 39. a4 b5
40. cxb5 axb5 41. axb5 Nd5+ 42. Ke4 Nxb4 43. b6 Na6 44. Kd4 1-0

[Event "Sparkassen-Open A"]
[Site "Heusenstamm, Martinsee"]
[Date "2022.11.19"]
[Round "5.34"]
[White "Kardoeus, David"]
[Black "Nerz, Lenard"]
[Result "1-0"]
[WhiteElo "2167"]
[BlackElo "1989"]
[PlyCount "97"]
[EventDate "2022.??.??"]
[WhiteTeam "SV Werder Bremen"]
[BlackTeam "Spvgg Böblingen"]

1. e4 e5 2. Nf3 Nc6 3. Bb5 a6 4. Ba4 Nf6 5. O-O Be7 6. Re1 b5 7. Bb3 O-O 8. a4
Bb7 9. d3 d6 10. Nbd2 Na5 11. Ba2 c5 12. c3 b4 13. Nc4 Nxc4 14. Bxc4 bxc3 15.
bxc3 a5 16. Rb1 Bc6 17. Bb5 Qc7 18. Bxc6 Qxc6 19. c4 Ne8 20. Bd2 Nc7 21. Qc2 f5
22. Re3 Ne6 23. Rb5 Bg5 24. Nxg5 Nxg5 25. Re1 Ne6 26. Bc3 Qd7 27. Reb1 fxe4 28.
dxe4 Nf4 29. f3 Qe6 30. Rb7 Rf6 31. Rb8+ Rxb8 32. Rxb8+ Kf7 33. Qb3 h6 34. Bxa5
Kg6 35. Bd8 Rf7 36. Qc2 Ra7 37. Bb6 Ra6 38. a5 Qd7 39. Qd2 Qe7 40. g3 Ne6 41.
Qd5 Kh7 42. f4 exf4 43. Rb7 Qf6 44. Qf5+ Kg8 45. Qxf6 gxf6 46. Ra7 Rxa7 47.
Bxa7 Nc7 48. gxf4 Na6 49. f5 1-0

[Event "Sparkassen-Open A"]
[Site "Heusenstamm, Martinsee"]
[Date "2022.11.19"]
[Round "5.35"]
[White "Reschke, Thomas"]
[Black "Tremöhlen, Thomas"]
[Result "1-0"]
[WhiteElo "2143"]
[BlackElo "1979"]
[PlyCount "59"]
[EventDate "2022.??.??"]
[WhiteTeam "SC Frankfurt-West"]
[BlackTeam "SG Kaarst 1912/35"]

1. c4 e5 2. g3 Nf6 3. Bg2 c6 4. d4 exd4 5. Qxd4 Be7 6. e4 O-O 7. Nc3 Na6 8.
Nge2 Bc5 9. Qd2 Ng4 10. O-O f5 11. Nf4 fxe4 12. Nxe4 Bb4 13. Qd1 Nf6 14. a3 Be7
15. b4 d5 16. cxd5 Nxd5 17. Nxd5 cxd5 18. Nc3 d4 19. Nd5 Be6 20. Bb2 Bxd5 21.
Qxd4 Bf6 22. Qxd5+ Kh8 23. Qxd8 Raxd8 24. Bxf6 Rxf6 25. Bxb7 Nc7 26. Rfd1 Rdf8
27. Rd2 h5 28. h4 Kh7 29. Rc1 Nb5 30. Rc5 1-0

[Event "Sparkassen-Open A"]
[Site "Heusenstamm, Martinsee"]
[Date "2022.11.19"]
[Round "5.36"]
[White "Benninger, Rudolf"]
[Black "Poschadel, Andreas Gregor"]
[Result "1/2-1/2"]
[WhiteElo "1978"]
[BlackElo "2107"]
[PlyCount "64"]
[EventDate "2022.??.??"]
[WhiteTeam "SC Heusenstamm"]
[BlackTeam "Hamelner SV"]

1. e4 c6 2. c4 d5 3. exd5 cxd5 4. cxd5 Nf6 5. Nc3 Nxd5 6. Nf3 e6 7. d4 Nc6 8.
Bd3 Be7 9. O-O O-O 10. a3 Nxc3 11. bxc3 Bf6 12. Re1 b6 13. Qc2 h6 14. Qe2 Qd5
15. Bf4 Bb7 16. Rad1 Na5 17. c4 Qh5 18. Ne5 Qxe2 19. Rxe2 Rfd8 20. Red2 Kf8 21.
Bf1 Be7 22. d5 exd5 23. cxd5 Bd6 24. a4 Rac8 25. Bg3 Bxe5 26. Bxe5 Rc5 27. Bb5
Rcxd5 28. Rxd5 Rxd5 29. Rxd5 Bxd5 30. Bb8 Nc6 31. Bxc6 Bxc6 32. Bxa7 Bxa4
1/2-1/2

[Event "Sparkassen-Open A"]
[Site "Heusenstamm, Martinsee"]
[Date "2022.11.19"]
[Round "5.37"]
[White "Zimmer, Gerald"]
[Black "Sandten-Ma, Ulrich"]
[Result "0-1"]
[WhiteElo "1922"]
[BlackElo "2105"]
[PlyCount "84"]
[EventDate "2022.??.??"]
[WhiteTeam "SC Bergen-Enkheim 1922"]
[BlackTeam "VSG 1880 Offenbach"]

1. d4 Nf6 2. Nf3 e6 3. g3 d5 4. Bg2 Be7 5. O-O O-O 6. c4 c6 7. Nc3 b6 8. Ne5
Bb7 9. cxd5 cxd5 10. e3 Nbd7 11. Nxd7 Qxd7 12. Bd2 Rfc8 13. Rc1 Ba6 14. Re1 Bd3
15. Bf1 Bxf1 16. Rxf1 Rc4 17. Qe2 Rac8 18. b3 R4c6 19. Nb1 h5 20. f3 Bd6 21.
Rxc6 Rxc6 22. Rc1 Rxc1+ 23. Bxc1 Qc7 24. Bb2 Qc6 25. Nc3 Bb8 26. f4 g6 27. Qd3
Bd6 28. Nb5 Bb8 29. Nc3 Bd6 30. Nb5 Qd7 31. Ba3 Bxa3 32. Nxa3 Ne4 33. Qc2 Qd6
34. Nb1 Qb4 35. Kf1 Qb5+ 36. Kg2 Kg7 37. Na3 Qb4 38. Qc1 Nc3 39. Qb2 Nd1 40.
Qc1 Qe1 41. Nc2 Qf2+ 42. Kh3 Qf3 0-1